Missing Word: Games from Movies Quiz Stats

 Plays Quiz Updated Mar 5, 2016

Challenge
Share
Tweet
Embed
Score 0/20 Timer 03:00
3 Plays Today
Movie Title Missing Game % Correct
___ Me If You CanCatch
95.1%
___ RoyaleCasino
92.4%
Indiana Jones and the Temple of ___Doom
91.5%
The ___ on the River KwaiBridge
76.2%
Harold & Kumar ___ to White CastleGo
75%
___ of BrianLife
73.7%
___ of the RosesWar
71.3%
___, Wrong NumberSorry!
69.7%
Double ___Jeopardy!
60.6%
Nothing But ___Trouble
49.5%
Movie Title Missing Game % Correct
___ Dumbo DropOperation
41.9%
The ___ and Mrs. MuirGhost
41.5%
Without a ___Clue
29.3%
A Man Called ___Horse
26.5%
___ PotemkinBattleship
22.7%
___ ManMarathon
19.1%
___ in AtlantisHearts
18.3%
The Dead ___Pool
17.5%
Maximum ___Risk
12%
... All the ___Marbles
4.7%

Today's Daily Dose

You're not logged in!

Compare scores with friends on all Sporcle quizzes.
Join for Free
OR
Log In

You Might Also Like...

Show Comments

Extras

Top Quizzes Today


Score Distribution

Your Account Isn't Verified!

In order to create a playlist on Sporcle, you need to verify the email address you used during registration. Go to your Sporcle Settings to finish the process.

Report this User

Report this user for behavior that violates our Community Guidelines.

Details: